| 000 | 00848nam a22002897a 4500 | ||
|---|---|---|---|
| 001 | BR0804685 | ||
| 003 | BR-BrBNA | ||
| 005 | 20230928102635.0 | ||
| 007 | ta | ||
| 008 | 230509b bl.||||| |||| 00| 0 por d | ||
| 040 |
_aBR-BrBNA _bpor _cBiblioteca Nacional de Agricultura |
||
| 041 | _a(Por) | ||
| 072 |
_aL73 _b5212 _b5100 _b5240 _b5300 |
||
| 090 | _ 5212 BR0804685 | ||
| 110 | 1 |
_aUniversidade Federal de Mato Grosso do Sul, Campo Grande, MS (Brasil) _910820 |
|
| 245 | 1 |
_aAtlas de doenças de bovinos, equinos, ovinos e suínos. UFMS; medicina veterinária _b(CD-ROM) |
|
| 260 | 3 |
_aCampo Grande, MS (Brasil): _c2000. |
|
| 300 | _a1 CD-ROM | ||
| 650 | _aBOVINO | ||
| 650 | _aEQUINO | ||
| 650 | _aOVINO | ||
| 650 | _aSUINO | ||
| 650 | _aDOENÇA ANIMAL | ||
| 650 | _aVETERINARIA | ||
| 909 |
_a202309 _bLucia _c55 _dLucia Elande |
||
| 942 | _cBK | ||
| 999 |
_c71809 _d71809 |
||